书目信息 |
| 题名: |
弹性力学
|
|
| 作者: | 薛强 主编 | |
| 分册: | ||
| 出版信息: | 北京 北京大学出版社 2006.01 |
|
| 页数: | 217页 | |
| 开本: | 27cm | |
| 丛书名: | ||
| 单 册: | ||
| 中图分类: | O343 | |
| 科图分类: | ||
| 主题词: | 弹性力学--dan xing li xue--高等学校--教材 | |
| 电子资源: | ||
| ISBN: | 7-301-10473-1 | |
| 000 | 00870nam0 2200241 450 | |
| 001 | 012006717340 | |
| 005 | 20120407172952.35 | |
| 010 | @a7-301-10473-1@dCNY22.00 | |
| 100 | @a20060623d2006 km y0chiy0120 ea | |
| 101 | 0 | @achi |
| 102 | @aCN@b110000 | |
| 105 | @aa a 000yy | |
| 200 | 1 | @a弹性力学@Adan xing li xue@f薛强主编@Fxue qiang zhu bian |
| 210 | @a北京@c北京大学出版社@d2006.01 | |
| 215 | @a217页@c图@d27cm | |
| 300 | @a21世纪全国应用型本科土木建筑系列应用规划教材 | |
| 320 | @a有书目 | |
| 330 | @a本书共分9章,重点讲述了空间问题的基本理论和解答,平面问题的基本理论和解答,弹性平面问题求解的有限差分法、变分法及有限单元法,并以附录形式对直角坐标系中的下标记号法进行了辅助介绍。 | |
| 606 | 0 | @a弹性力学@Adan xing li xue@x高等学校@j教材 |
| 690 | @aO343@v4 | |
| 701 | 0 | @a薛强@Axue qiang@4主编 |
| 801 | 0 | @aCN@bQSSK@c20060912 |
| 905 | @a10447@dO343@eX956 | |
| 弹性力学/薛强主编.-北京:北京大学出版社,2006.01 |
| 217页:图;27cm |
| 21世纪全国应用型本科土木建筑系列应用规划教材 |
| ISBN 7-301-10473-1:CNY22.00 |
| 本书共分9章,重点讲述了空间问题的基本理论和解答,平面问题的基本理论和解答,弹性平面问题求解的有限差分法、变分法及有限单元法,并以附录形式对直角坐标系中的下标记号法进行了辅助介绍。 |
| ● |
| 相关链接 |
|
|
|
正题名:弹性力学
索取号:O343/X956
 
预约/预借
| 序号 | 登录号 | 条形码 | 馆藏地/架位号 | 状态 | 备注 |
| 1 | 484754 | 204847540 | 土木与交通工程学院资料室/ [索取号:O343/X956] | 在馆 | |
| 2 | 485872 | 204858724 | 土木与交通工程学院资料室/ [索取号:O343/X956] | 在馆 | |
| 3 | 591029 | 205910291 | 自科库401/401自科库 53排1列2层/ [索取号:O343/X956] | 在馆 | |
| 4 | 591030 | 205910308 | 自科库401/401自科库 53排1列2层/ [索取号:O343/X956] | 在馆 | |
| 5 | 591031 | 205910317 | 自科库401/401自科库 53排1列2层/ [索取号:O343/X956] | 在馆 |